| 000 | 02557cam a22005654i 4500 | ||
|---|---|---|---|
| 003 | PE-LiUPU | ||
| 005 | 20250731173426.0 | ||
| 008 | 150706s r 000 0 d | ||
| 020 | _a9789972849275 | ||
| 035 | _a(Sirsi) i9789972849275 | ||
| 040 |
_aPE-LiUPU _bspa _cPE-LiUPU _erda |
||
| 049 | _aPRUA | ||
| 082 | 0 | 4 |
_a248.843 _bB23 _221 |
| 100 | 1 |
_aBarthel, Tara Klena, _eautor. |
|
| 245 | 1 | 0 |
_aMujeres pacificadoras : _besperanza bíblica para la resolución de conflictos / _cTara Klena Barthel y Judy Dabler. |
| 264 | 1 |
_aLima : _bVerbo Vivo, _c2011. |
|
| 300 |
_a361 páginas ; _c21 cm. |
||
| 336 |
_atext _2rdacontent |
||
| 337 |
_aunmediated _2rdamedia |
||
| 338 |
_avolume _2rdacarrier |
||
| 500 | _aPublicado originalmente en inglés con el título: Peacemaking Women. | ||
| 504 | _aIncluye notas bibliográficas p.361. | ||
| 505 | 0 | _aConflictos con Dios -- El pensamiento acerca de Dios -- Idolatría -- Sufrimiento -- Conflictos con los demás -- Pacificación bíblica -- Relaciones llenas de Shalom -- Amor romántico -- Familias -- La iglesia -- Mujeres líderes con personalidades fuertes -- Conflictos Internos -- Vergüenza -- Depresión -- Temor. | |
| 526 | _aSEG42 | ||
| 526 | _aSEG41 | ||
| 526 | _aSEG40 | ||
| 526 | _aSEG39 | ||
| 526 | _aP94 | ||
| 526 | _aP87 | ||
| 526 | _aP86 | ||
| 526 | _aP85 | ||
| 526 | _aP77 | ||
| 526 | _aP76 | ||
| 526 | _aP35 | ||
| 541 | _g001-0000612; | ||
| 541 | _g001-0000706; | ||
| 650 | 0 | 4 |
_aMujeres cristianas _xVida religiosa. |
| 650 | 0 | 4 |
_aPaz _xCristianismo. |
| 650 | 0 | 4 |
_aRelaciones interpersonales _xCristianismo. |
| 700 | 1 |
_aAdrianzén de Vergara, Patricia, _eed. |
|
| 700 | 1 |
_aQuiroz de Chávez, Lupe, _etr. |
|
| 910 |
_agl _cjck _d2012116 |
||
| 942 |
_2ddc _cBOOK |
||
| 949 |
_a248.843 B23 _wDEWEY _c1 _i65769 _lCCODEBUL1 _mBUL _p43.00 _r0 _sY _tBOOK _u2015-7-6 _xTEOLOGIA _PP35 _o.STAFF. Colección General |
||
| 949 |
_a248.843 B23 _wDEWEY _c2 _i68494 _lCCODEBUL1 _mBUL _p19.00 _r0 _sY _tBOOK _u2015-7-6 _xTEOLOGIA _PP35 _o.STAFF. Colección General |
||
| 994 |
_aC0 _bPEPRU |
||
| 596 | _a1 | ||
| 999 |
_a248.843 B23 _wDEWEY _c54181 _i65769 _f2021-11-10 _g5 _lCCODEBUL1 _mBUL _p43.00 _r0 _sY _tBOOK _u2015-7-6 _xTEOLOGIA _PP35 _0COMPRA _o.STAFF. Colección General _d54181 |
||
| 999 |
_a248.843 B23 _wDEWEY _c2 _i68494 _f2021-11-10 _g5 _lCCODEBUL1 _mBUL _p19.00 _r0 _sY _tBOOK _u2015-7-6 _xTEOLOGIA _PP35 _0COMPRA _o.STAFF. Colección General |
||
| 980 |
_81 _gALBERTO SANCHEZ Responsable de Automatización |
||